Fische - Sudden Death - Statistiken

Allgemein
  • Dieses Quiz wurde 1.061 mal gespielt
  • Das Durchschnittsergebnis liegt bei 5 aus 16
Answers on the Grid
Answers color-coded by a green-red scale on the quiz's grid according to % correct below.
Admiral
Barrakuda
Blauer Marlin
Capybara
Dugong
Elritze
Fasan
Flunder
Gnitze
Güster
Hammerkopf
Heilbutt
Hermelin
Knurrhahn
Languste
Makrele
Manguste
Meeraal
Nagelrochen
Orka
Pollack
Riesenmanta
Rückenschwimmer
Schleie
Schliefer
Seepferdchen
Teiste
Tintenfisch
Walross
Wittling
Wombat
Zander
 
Antwortstatistiken
Antwort % Korrekt
Zander
59%
Flunder
57%
Makrele
57%
Heilbutt
54%
Barrakuda
42%
Schleie
38%
Blauer Marlin
37%
Meeraal
29%
Riesenmanta
27%
Elritze
25%
Seepferdchen
25%
Knurrhahn
24%
Nagelrochen
24%
Güster
14%
Pollack
14%
Wittling
12%
Keine übereinstimmenden Quizze gefunden
Verteilung der Resultate
Anzahl Personen mit jedem Resultat
Perzentil nach korrekt beantworteten Fragen
Ihre Resultats-Entwicklung
Sie haben dieses Quiz noch nicht gespielt